Les vêtements en italien - Statistiques

Statistiques générales
  • Ce quiz a été pris 46 fois
  • Le résultat moyen est 8 sur 20
Statistiques - réponses
Hint Réponse % Correct
Jupe Gonna
79%
Pantalon Pantaloni
79%
Chaussures Scarpe
79%
Robe Vestito
71%
Chemise Camicia
67%
Jean Jeans
58%
Pull Maglione
58%
Veste Giacca
50%
Manteau Cappotto
46%
T-shirt Maglieta
38%
Doudoune Piumino
33%
Chaussettes Calzini
29%
Sweatshirt Felpa
29%
Survêtement Tuta
29%
Pyjama Pigiama
21%
Soutien-gorge Reggiseno
21%
Maillot de bain Costume da bagno
17%
Short Pantalocini
17%
Débardeur Canottiera
13%
Caleçon Mutande
4%
Aucun quiz correspondant
Distribution des résultats
% des personnes avec chaque résultat
Percentile par nombre de réponses
Votre historique - résultats
Vous n’avez pas pris ce quiz